Statistics for Justin Bieber, Nicki Minaj - Beauty and a beat

Click here to take the quiz!

General Stats

  • This quiz has been taken 100 times
  • The average score is 249 of 309

Answer Stats

Answer% Correct
a
99%
3012
98%
an
98%
I
98%
you
98%
You
98%
you)
98%
and
97%
just
97%
Beauty
95%
beauty
95%
my
95%
When
95%
beat
94%
for
94%
it
94%
make
93%
need
92%
the
92%
all
91%
(all
91%
complete
91%
go
91%
go)
91%
is
91%
Is
91%
we
91%
We
91%
I'm
90%
Justin
90%
tonight
90%
Who
90%
It's
88%
it's
88%
life
88%
of
88%
Show
88%
show
88%
wanna
88%
in
87%
In
87%
like
87%
can
86%
do
85%
off
85%
party
85%
ya
85%
got
84%
gonna
83%
music
83%
comming
81%
makes
81%
World
81%
world
81%
move
80%
things
79%
Body
78%
body
78%
'Cause
78%
eye
78%
rock
78%
Bieber
77%
Baby
76%
keep
76%
out
76%
so
76%
So
76%
(yeah
76%
yeah
76%
yeah)
76%
Yeah
76%
about
74%
Nicki
73%
your
73%
forget
72%
on
72%
What
71%
Minaj
70%
Young
70%
young
70%
finer
69%
beast
67%
Beast
67%
feel
67%
gotta
66%
know
66%
But
64%
Selener
64%
get
63%
never
63%
billion
62%
hit
62%
from
60%
East
59%
with
59%
Ten
58%
Money
57%
big
56%
'bout
56%
bought
55%
letters
55%
sign
55%
time
55%
Bitches
52%
little
52%
mine
52%
could've
51%
incline
51%
Take
51%
Buns
50%
priest
49%
tours
48%
weiner
48%
Beautiful
47%
Girl
47%
Imma
47%
confessions
45%
couldn't
45%
'em
44%
now
44%
bow
43%
streets
42%
ticket
38%
hottest
37%
ink
37%
lines
34%
deceased
33%
Every
33%
ether
31%
beats
28%
eats
19%
let's
19%
beat'll
12%
love)
12%

Score Distribution

Percentile by Number Answered

Percent of People with Each Score

Your Score History

You have not taken this quiz